Normal view
MARC view
- Lourenc̦o, Paulo B.,
Entry Personal Name
001 - CONTROL NUMBER
- control field: 30229
003 - CONTROL NUMBER IDENTIFIER
- control field: NUST
005 - DATE AND TIME OF LATEST TRANSACTION
- control field: 20200917111957.0
008 - FIXED-LENGTH DATA ELEMENTS
- fixed length control field: 200917|| aca||aabn | a|a d
040 ## - CATALOGING SOURCE
- Original cataloging agency: NUST
- Transcribing agency: NUST
100 ## - HEADING--PERSONAL NAME
- Personal name: Lourenc̦o, Paulo B.,
670 ## - SOURCE DATA FOUND
- Source citation: Work cat.: (NUST)0: Roca, Pere, (Professor of civil engineering), author. 30225, Historic construction and conservation :
